000
00321nam a22001457a 4500
008
230317b ||||| |||| 00| 0 eng d
020
_a
78174344
041
_a
eng
080
_a
721
082
_a
721HTF
100
_a
19
101
_a
ART
245
_a
HANDBOOK OF STEEL DRAINGE
_c
HIGHWAY TASK FORCE
942
_2
udc
_c
BK
999
_c
59371
_d
59371